Enseñanza de antropología en el Perú /Consorcio de Investigación Económica y Social
Guardat en:
| Autor principal: | |
|---|---|
| Autor corporatiu: | , |
| Altres autors: | |
| Format: | Text |
| Publicat: |
Lima:
IEP
|
| Matèries: | |
| Etiquetes: |
Afegir etiqueta
Sense etiquetes, Sigues el primer a etiquetar aquest registre!
|
MARC
| LEADER | 00000 a a2200000 04500 | ||
|---|---|---|---|
| 001 | 27540 | ||
| 003 | |||
| 040 | |||
| 020 | |a 9972-804-07-0 | ||
| 090 | |a 185500 | ||
| 100 | |a Degregori, Carlos Iván | ||
| 110 | |a Consorcio de Investigación Económica y Social | ||
| 245 | |a Enseñanza de antropología en el Perú /Consorcio de Investigación Económica y Social | ||
| 260 | |a Lima: |b IEP | ||
| 300 | |a 92 p |b **no definido** | ||
| 650 | |a INTITUCIONES DE ENSEÑANAZA SUPERIOR | ||
| 650 | |a ANTROPOLOGIA | ||
| 650 | |a UNIVERSIDADES | ||
| 650 | |a DESARROLLO DE LA EDUCACION | ||
| 650 | |a PROGRAMA DE ESTUDIOS | ||
| 650 | |a SITUACION DE LOS DOCENTES | ||
| 650 | |a OPINION | ||
| 700 | |a Avila M, Javier |a Sandoval L, Pablo | ||
| 710 | |a Instituto de Estudios Peruanos | ||
| 999 | |c 8443 |d 8443 | ||



